000 00425nam a22001697a 4500
003 SGT
020 _a978550090453
082 _a617.51
_bD01K
100 _aKENNEDY, DAVID W.
245 _aDISEASES OF THE SINUSES DIAGNE IN AND MANAGEMENT
250 _a1ST
260 _aHAMILTON
_bBC DECKER PUB
_c2001
300 _a430
650 _aENT
653 _aDISEASES OF THE SINUSES DIAGNE IN AND MANAGEMENT
942 _2ddc
_cBK
999 _c34327
_d34327